ASME 2013 Fluids Engineering Division Summer Meeting - Volume 1B, Symposia: Fluid Machinery; Fluid Power; Fluid-Structure Interaction and Flow-Induced Noise in Industrial Applications; Flow Applications in Aerospace; Flow Manipulation and Active Control: Theory, Experiments and Implementation; Fundamental Issues and Perspectives in Fluid Mechanics

Bibliografische gegevens
Formaat: Elektronisch Tijdschrift
Taal:English
Gepubliceerd in: ASME
Online toegang:Full text available on ASME[2013-2013]
Off-campus access
LEADER 01244cas a2200181 a 4500
001 AALConferenceProceedingsASME000511
008 230101c9999 xx r poo 0 0eng d
020 |a 978-0-7918-5555-3 
040 |a BD-DhAAL  |c BD-DhAAL 
245 0 0 |h [electronic resource]  |a ASME 2013 Fluids Engineering Division Summer Meeting - Volume 1B, Symposia: Fluid Machinery; Fluid Power; Fluid-Structure Interaction and Flow-Induced Noise in Industrial Applications; Flow Applications in Aerospace; Flow Manipulation and Active Control: Theory, Experiments and Implementation; Fundamental Issues and Perspectives in Fluid Mechanics 
260 |b ASME 
300 |a 1 online resource 
500 |a <strong>Off-Campus Access:</strong> Athens ID and Password Required 
500 |a <strong>On-Campus Access:</strong> No User ID or Password Required 
506 |a Electronic access restricted to authorized BRAC University faculty, staff and students 
538 |a Mode of access: Internet 
856 4 0 |z Full text available on ASME[2013-2013]  |u https://asmedigitalcollection.asme.org/FEDSM/FEDSM2013/volume/55553 
856 4 0 |z Off-campus access  |u https://go.openathens.net/redirector/bracu.ac.bd?url=https%3A%2F%2Fasmedigitalcollection.asme.org%2FFEDSM%2FFEDSM2013%2Fvolume%2F55553